000 01201nam a2200361 i 4500
001 13172
003 KOSZ 005
005 20201013132000.0
008 080319s1967 pl a f f |000 0 pol
015 _aPB 1967/10058
035 _a(OCoLC)831327059
040 _aWA N
_cWA N
_dKOSZ 005/HR
046 _k1967
080 _a621.3
080 _a(075.8)
100 1 _aKonorski, Bolesław
_d(1892-1986)
_eAutor
245 1 0 _aPodstawy elektrotechniki.
_nT. 3,
_pPrądy niesinusoidalne /
_cBolesław Konorski.
246 3 0 _aPrądy niesinusoidalne /
260 _aWarszawa :
_bPaństwowe Wydawnictwo Naukowe,
_c1967.
300 _a629, [2] s. :
_bil., err. ;
_c23 cm.
380 _aKsiążki.
380 _aPublikacje dydaktyczne
388 _a1901-2000
504 _aBibliogr.
521 8 _aPodręcznik dla słuchaczy na wydz. elektrotechn.
658 _aInżynieria i technika
655 4 _aPodręczniki akademickie
650 4 _aElektrotechnika
650 4 _aPrądy zmienne
710 2 _aPaństwowe Wydawnictwo Naukowe
_4pbl.
856 _uhttp://koha.tu.koszalin.pl/cgi-bin/koha/opac-detail.pl?biblionumber=13172
_yKatalog online BPK
942 _2UKD
_cKS
999 _c13172
_d13172